La Fil·loxera / [Joseph Presta]
ISBN:
84-404-0580-4
Descripción Física:
124 p. : il. ; 24 cm + 1 f. de làm.
MARC
| LEADER | 00000nam a2200000Ia 4500 | ||
|---|---|---|---|
| 001 | 17196 | ||
| 008 | 160829s1987 xx 000 0 cat d | ||
| 020 | |a 84-404-0580-4 (tela) | ||
| 080 | |a C-2-407 | ||
| 100 | |a Presta, Josep |9 24283 | ||
| 245 | |a La Fil·loxera / [Joseph Presta] | ||
| 260 | |a Sant Sadurní d'Anoia : |b Copalta, |c 1987 | ||
| 300 | |a 124 p. : |b il. ; |c 24 cm + 1 f. de làm. | ||
| 590 | |a Inclou l'edició facsímil de: Conferencia sobre filoxera vastatrix : donada á varias poblacions de la provincia en cumpliment d'acort de la Excma. Diputació Provincial / per Joseph Presta. Barcelona : Estampa de la Casa de Caritat, 1880, i les traduccions al castellà i a l'anglès. | ||
| 590 | |a En estoig. | ||
| 590 | |a Ed. en rama. | ||
| 590 | |a Text en català, castellà i anglès | ||
| 650 | |a Fil·loxera |9 24412 | ||
| 650 | |a Vinya |x Malalties i plagues |9 24382 | ||
| 710 | 1 | |a Barcelona (Catalunya : Província). |b Diputació |9 52408 | |
| 901 | |a Arxiu | ||
| 942 | |n 1 | ||
| 952 | |0 0 |1 0 |4 0 |6 C2407 |7 1 |9 43061 |a Arxiu |b Arxiu |d 2016-12-01 |l 0 |o C-2-407 |p 17196 |r 2016-12-01 00:00:00 |w 2016-12-01 |y ARXIU | ||
| 999 | |c 45605 |d 45605 | ||